Five years of Generation Rent (Record no. 115360)

MARC details
000 -LEADER
fixed length control field 01270cam a22002295a 4500
001 - CONTROL NUMBER
control field L158529
008 - FIXED-LENGTH DATA ELEMENTS--GENERAL INFORMATION
fixed length control field 150413s2015 xxk f 000 0 eng d
035 ## - SYSTEM CONTROL NUMBER
System control number (Sirsi) u158529
041 0# - LANGUAGE CODE
Language code of text/sound track or separate title eng
110 2# - MAIN ENTRY--CORPORATE NAME
Corporate name or jurisdiction name as entry element Halifax
9 (RLIN) 5942
245 00 - TITLE STATEMENT
Title Five years of Generation Rent
Remainder of title Perceptions of the first-time buyer market housing market 2015
Medium [electronic resource]
260 ## - PUBLICATION, DISTRIBUTION, ETC.
Place of publication, distribution, etc. [S.l.]
Name of publisher, distributor, etc. [s.n.]
Date of publication, distribution, etc. 2015
520 ## - SUMMARY, ETC.
Summary, etc. Five years on from the first Generationl Rent survey records the findings of research undertaken by the Halifax into the market sentiment of the 25-40 age group towards home ownership and the affordability issues concerning purchase of property. Whilst schemes such as Help to Buy have helped many first time buyers the number of people in their 20s and 30s who are saving for a first dposit has dropped by 6% with many seeing themselves as long term renters rather than first time buyers.
590 ## - LOCAL NOTE (RLIN)
Local note KA
650 24 - SUBJECT ADDED ENTRY--TOPICAL TERM
Topical term or geographic name entry element GENERATION RENT
650 24 - SUBJECT ADDED ENTRY--TOPICAL TERM
Topical term or geographic name entry element FIRST-TIME BUYERS
650 24 - SUBJECT ADDED ENTRY--TOPICAL TERM
Topical term or geographic name entry element HELP-TO-BUY
651 #4 - SUBJECT ADDED ENTRY--GEOGRAPHIC NAME
Geographic name United Kingdom
Chronological subdivision
690 ## - LOCAL SUBJECT ADDED ENTRY--TOPICAL TERM (OCLC, RLIN)
Topical term or geographic name as entry element Residential property
9 (RLIN) 6266
856 40 - ELECTRONIC LOCATION AND ACCESS
Uniform Resource Identifier <a href="https://www.lloydsbankinggroup.com/Media/Press-Releases/2015/halifax/generation-rent-2015-report/">https://www.lloydsbankinggroup.com/Media/Press-Releases/2015/halifax/generation-rent-2015-report/</a>
Public note View this item free of charge at www.lloydsbankinggroup.com
942 ## - ADDED ENTRY ELEMENTS (KOHA)
Suppress in OPAC 0
Holdings
Withdrawn status Lost status Source of classification or shelving scheme Damaged status Not for loan Home library Current library Shelving location Date acquired Total Checkouts Full call number Barcode Date last seen Copy number Price effective from Koha item type
    Dewey Decimal Classification     Virtual Virtual Online 13/04/2015   ONLINE PUBLICATION 158529-2001 06/08/2019 1 06/08/2019 Book